000 00354cam a22001097a 4500
008 180718b1987 xxu||||| |||| 00| 0 eng d
082 _aG2x5442 M278C/1937-87
100 _aSubramanyam, V.M.
245 _aFifty years of Legislative Council in Maharashtra, 1937-87
_cby V.M. Subramanyam
260 _aBombay
_bLegislature Secretariat
_c1987
300 _a198+p.
999 _c490794
_d490794